000 00726nam a2200253Ia 4500
003 IIN
005 20251124121041.0
008 231217s9999 xx 000 0 und d
020 _cRs.595.00
_a9788131255377
040 _aIIN
_bEnglish
082 _a616.07
_bSHA
100 1 _aSharma, Sonal
245 1 _aTextbook of Pathology & Genetics for Nurses
_cby Sonal Sharma, Geetika Khanna Bhattacharya and S. D. Gangane
250 _a2nd ed
260 _bElsevier
_aNew Delhi
_c2019
300 _aviii, 442 p.
_bill.; Paperback
500 _aIncludes Index
650 1 _aPathology
650 1 _aGenetics
653 1 _aPharma
700 1 _aBhattacharya , Geetika Khanna
700 1 _aGangane, S. D.
942 _cBOOK
999 _c969
_d969